000
00257nam a22001217a 4500
082
_a
671.2 MOD'H
100
_a
HWARD, E. D
_9
58268
245
_a
MODERN FOUNDRY PRACTICE
250
_a
3RD
260
_a
LONDON
_b
ODHAMS
_c
1958
300
_a
464P
942
_c
BK
999
_c
568465
_d
568465